[Event "AUTO-ADV-1431"]
[Site "http://www.queenalice.com/game.php?id=694568"]
[Date "2009.12.8"]
[Round "2"]
[White "willyanF"]
[Black "pallibrandt"]
[Result "0-1"]
[WhiteElo "1971"]
[BlackElo "1903"]

1. d4 Nf6 2. c4 g6 3. Nf3 Bg7 4. b3 d5 5. e3 O-O 6. Bb2 Bg4 7. Be2 dxc4 8. Bxc4
Nbd7 9. O-O c6 10. Nbd2 b5 11. Be2 Re8 12. Qc2 Rc8 13. Rac1 e5 14. dxe5 Nd5 15.
a3 Bxf3 16. Nxf3 Nxe5 17. Rfd1 Qb6 18. Nd4 Ne7 19. f4 Nd7 20. Kf2 Nf6 21. b4
Ned5 22. Rd3 Ne4+ 23. Kf3 g5 24. g3 g4+ 25. Kg2 h5 26. h3 gxh3+ 27. Kh2 Nf2 28.
Rb3 Nxe3 29. Qd2 Neg4+ 30. Bxg4 Nxg4+ 31. Kxh3 Red8 32. Rd3 c5 33. bxc5 Rxc5 34.
Rxc5 Qxc5 35. Nb3 Rxd3 36. Qxd3 Nf2+ 0-1

[Event "AUTO-ADV-1431"]
[Site "http://www.queenalice.com/game.php?id=694569"]
[Date "2009.12.8"]
[Round "2"]
[White "pallibrandt"]
[Black "willyanF"]
[Result "1-0"]
[WhiteElo "1917"]
[BlackElo "1896"]

1. d4 d5 2. c4 c6 3. cxd5 cxd5 4. Nc3 Nc6 5. Nf3 Nf6 6. Bf4 Qb6 7. Qc2 Nxd4 8.
Nxd4 Qxd4 9. e3 Qb4 10. a3 Qc5 11. Bb5+ Bd7 12. Bxd7+ Nxd7 13. O-O e6 14. Rac1
Rc8 15. Qe2 g6 16. Na2 1-0

[Event "AUTO-ADV-1431"]
[Site "http://www.queenalice.com/game.php?id=694574"]
[Date "2009.12.8"]
[Round "2"]
[White "pallibrandt"]
[Black "gardez2005"]
[Result "1-0"]
[WhiteElo "1896"]
[BlackElo "2028"]

1. d4 d5 2. c4 c6 3. c5 Bf5 4. Bf4 Nf6 5. e3 e6 6. a3 Be7 7. b4 O-O 8. Nf3 Ne4
9. Bd3 Nd7 10. O-O Ng5 11. Bxf5 exf5 12. Nbd2 Ne4 13. h3 Ndf6 14. Ng5 Nxd2 15.
Qxd2 Ne4 16. Nxe4 fxe4 17. f3 f5 18. fxe4 fxe4 19. Rf2 Qd7 20. Raf1 Qe6 21. Bg3
Qg6 22. Rxf8+ Rxf8 23. Rxf8+ Bxf8 24. Bb8 a6 25. Qf2 Qf7 26. Bf4 Be7 27. Qg3 h6
28. Qg4 Kh7 29. Qd7 Kg6 30. Qxb7 Bd8 31. Qxa6 Qd7 32. a4 Kf7 33. a5 g5 34. Bd6
Kg6 35. Qa8 h5 36. a6 g4 37. Qb7 Qf5 38. Qxc6 Bh4 39. Bg3+ 1-0

[Event "AUTO-ADV-1431"]
[Site "http://www.queenalice.com/game.php?id=694575"]
[Date "2009.12.8"]
[Round "2"]
[White "gardez2005"]
[Black "pallibrandt"]
[Result "1/2-1/2"]
[WhiteElo "2007"]
[BlackElo "1917"]

1. d4 Nf6 2. c4 g6 3. Nc3 Bg7 4. e4 d6 5. g3 Nbd7 6. Nf3 O-O 7. Bg2 c5 8. d5 Nb6
9. Qe2 Bg4 10. O-O Nbd7 11. h3 Bxf3 12. Bxf3 Ne5 13. Bg2 a6 14. f4 Ned7 15. e5
dxe5 16. fxe5 Ne8 17. e6 fxe6 18. Qxe6+ Kh8 19. Bg5 Bd4+ 20. Kh1 Ndf6 21. Bh6
Ng7 22. Qe1 Qd6 23. Bf4 Qb6 24. Rb1 Nfh5 25. Qe4 Nxf4 26. gxf4 Nf5 27. Ne2 Rae8
28. Rf3 e6 29. Nxd4 Nxd4 30. Qe5+ Kg8 31. Rff1 Rf5 32. Qe3 Kg7 33. a3 Qd8 34.
Qc3 Qh4 35. b4 b6 36. bxc5 bxc5 37. Rb7+ Kg8 38. d6 Rxf4 39. d7 Rd8 40. Qa5
Rxf1+ 41. Bxf1 Qe4+ 42. Bg2 Qh4 43. Rc7 Nb3 44. Qxa6 Qe1+ 45. Kh2 Qe5+ 46. Kh1
Qe1+ 1/2-1/2

[Event "AUTO-ADV-1431"]
[Site "http://www.queenalice.com/game.php?id=694576"]
[Date "2009.12.8"]
[Round "2"]
[White "pallibrandt"]
[Black "RobertD"]
[Result "1-0"]
[WhiteElo "1919"]
[BlackElo "1925"]

1. d4 d5 2. c4 dxc4 3. Nc3 c6 4. a4 Nf6 5. e4 e6 6. Bxc4 Bb4 7. Bg5 h6 8. Bh4 g5
9. Bg3 Bxc3+ 10. bxc3 Nxe4 11. Qd3 Qa5 12. Ne2 Nxg3 13. Nxg3 b5 14. Bb3 Qc7 15.
axb5 cxb5 16. O-O a6 17. Rfe1 O-O 18. Bc2 f5 19. Bb3 Nc6 20. Bxe6+ Kh8 21. Bxf5
Bxf5 22. Nxf5 Qh7 23. g4 h5 24. f3 hxg4 25. fxg4 Rf7 26. Re6 Rc7 27. Rh6 1-0

[Event "AUTO-ADV-1431"]
[Site "http://www.queenalice.com/game.php?id=694577"]
[Date "2009.12.8"]
[Round "2"]
[White "RobertD"]
[Black "pallibrandt"]
[Result "0-1"]
[WhiteElo "1918"]
[BlackElo "1886"]

1. f4 e6 2. Nf3 Nc6 3. c3 d5 4. e3 Nf6 5. Be2 Be7 6. O-O O-O 7. d3 h6 8. b4 b5
9. a4 bxa4 10. Qxa4 Bd7 11. Qc2 a6 12. Nbd2 Bd6 13. Bb2 e5 14. fxe5 Nxe5 15.
Nxe5 Bxe5 16. d4 Bd6 17. Ra5 Nh7 18. Rxd5 Bc6 19. Ra5 Qh4 20. Rf4 Bxf4 21. exf4
Qe1+ 22. Nf1 Rfe8 23. Bd3 Nf6 24. Re5 Rxe5 25. fxe5 Ng4 26. Qe2 Qh4 27. Be4 Bxe4
28. g3 Qg5 29. Qxe4 Re8 30. h3 Nxe5 31. dxe5 Rxe5 32. Qg2 Qe7 33. c4 Re2 34.
Qa8+ Kh7 35. Bd4 Qxb4 36. Qxa6 Re4 37. Qa1 Qxc4 38. Bxg7 Qc5+ 39. Kh1 Qf2 40.
Qb1 Kxg7 41. Qxe4 Qxf1+ 42. Kh2 Qf2+ 43. Kh1 Qxg3 44. Qd4+ f6 45. Qd7+ Kg6 46.
Qe8+ Kg5 47. Qg8+ Kh4 48. Qc4+ Kxh3 49. Qe6+ Qg4 50. Qe3+ Kh4 51. Qxh6+ Qh5 52.
Qxf6+ Kg3+ 53. Kg1 Qd1+ 54. Qf1 Qd4+ 55. Kh1 Qh4+ 56. Kg1 Qh2# 0-1

[Event "AUTO-ADV-1492"]
[Site "http://www.queenalice.com/game.php?id=702681"]
[Date "2009.12.24"]
[Round "2"]
[White "razoman"]
[Black "pallibrandt"]
[Result "0-1"]
[WhiteElo "2012"]
[BlackElo "1896"]

1. e4 c5 2. c4 d6 3. d3 Nf6 4. h3 g6 5. Nf3 Bg7 6. Be2 Nc6 7. Nc3 O-O 8. O-O b6
9. a3 Bb7 10. Bg5 Nd7 11. Qc1 Nde5 12. Bh6 Nxf3+ 13. Bxf3 Nd4 14. Bd1 f5 15.
Bxg7 Kxg7 16. Nd5 fxe4 17. dxe4 Qd7 18. Qe3 Bxd5 19. cxd5 Rf6 20. Bg4 Qb5 21. b4
Nc2 22. Qc3 Nxa1 23. Qxa1 cxb4 24. axb4 Qxb4 25. e5 dxe5 26. Qxe5 Qd6 27. Qd4
Kg8 28. Rc1 Qf4 29. Qb2 Rd6 30. Be6+ Rxe6 31. dxe6 Qd6 32. Qb3 a5 33. Rd1 Qc5
34. Rd7 a4 35. Qf3 Rf8 36. Qg3 a3 37. Rc7 Qb4 38. Ra7 Qb1+ 39. Kh2 a2 40. Qe5 b5
41. Rxe7 a1=Q 42. Rg7+ Kh8 43. Rxh7+ Kxh7 44. Qc7+ Kg8 45. e7 Qg1+ 46. Kg3 Qxf2+
0-1

[Event "AUTO-ADV-1492"]
[Site "http://www.queenalice.com/game.php?id=702682"]
[Date "2009.12.24"]
[Round "2"]
[White "pallibrandt"]
[Black "razoman"]
[Result "0-1"]
[WhiteElo "1944"]
[BlackElo "1906"]

1. d4 e6 2. c4 c6 3. e4 h6 4. Nf3 Bb4+ 5. Bd2 Bxd2+ 6. Qxd2 Ne7 7. Be2 O-O 8.
O-O d5 9. cxd5 cxd5 10. Nc3 dxe4 11. Nxe4 Nd5 12. h3 Nd7 13. Rac1 N7f6 14. Ng3
Qd6 15. Ne5 Nd7 16. f4 a6 17. Nxd7 Bxd7 18. Ne4 Qe7 19. Nc5 Bc6 20. Bf3 Rad8 21.
Rfe1 Qf6 22. Bxd5 Bxd5 23. Ne4 Bxe4 24. Rxe4 Rc8 25. g3 Qf5 26. Rce1 Qxh3 27.
Qg2 Qxg2+ 28. Kxg2 Rc2+ 29. R1e2 Rfc8 30. b3 R8c3 31. Kf2 Rxe2+ 32. Rxe2 Rd3 33.
Re4 Rd2+ 34. Re2 Rxd4 35. Ke3 Rd1 0-1

[Event "AUTO-ADV-1492"]
[Site "http://www.queenalice.com/game.php?id=702687"]
[Date "2009.12.24"]
[Round "2"]
[White "pallibrandt"]
[Black "JAYMAC10"]
[Result "1/2-1/2"]
[WhiteElo "1937"]
[BlackElo "1755"]

1. d4 d5 2. c4 Nf6 3. Nc3 e6 4. c5 b6 5. cxb6 axb6 6. Nf3 Bb4 7. Bg5 h6 8. Bh4
g5 9. Bg3 Ne4 10. Qb3 c5 11. dxc5 bxc5 12. e3 Qa5 13. Rc1 c4 14. Qc2 Qxa2 15.
Be2 Qb3 16. Nd4 Bxc3+ 17. bxc3 Qb7 18. O-O Nc6 19. Rb1 Qd7 20. Nxc6 Qxc6 21. Be5
f6 22. Bh5+ Ke7 23. Bg3 f5 24. f3 Nxg3 25. hxg3 Qd6 26. g4 f4 27. Qg6 Qe5 28.
Qf7+ Kd8 29. exf4 Qxf4 30. Qg7 Qf8 31. Qd4 Ke7 32. Qc5+ Kf6 33. Qc7 Qe7 34. Qg3
e5 35. Rb6+ Be6 36. Re1 Qc5+ 37. Qf2 Qxf2+ 38. Kxf2 Ra3 39. Rc1 Rb3 40. Rc6 Rhb8
41. g3 R3b6 42. Rxb6 Rxb6 43. Rc2 Bf7 44. Ke3 Bxh5 45. gxh5 Kf5 46. g4+ Kf6 47.
Ke2 e4 48. fxe4 dxe4 49. Ke3 Ke5 50. Rf2 Re6 51. Rf5+ Kd6 52. Ra5 Rf6 53. Ra6+
Ke5 54. Rxf6 Kxf6 55. Kxe4 Ke6 56. Kd4 Kd6 57. Kxc4 Ke5 58. Kd3 Kf4 59. c4 Kxg4
60. c5 Kf5 61. c6 Ke6 62. Kc4 Kd6 63. Kb5 g4 64. Kb6 g3 65. c7 g2 66. c8=Q g1=Q+
67. Kb7 Qb1+ 68. Ka7 Qa2+ 69. Qa6+ Qxa6+ 70. Kxa6 Ke5 71. Kb5 Kf5 72. Kc4 Kg5
73. Kd3 Kxh5 74. Ke3 Kg4 75. Kf2 Kh3 76. Kf3 h5 77. Kf2 h4 78. Kf3 Kh2 79. Kf2
h3 80. Kf1 Kg3 81. Kg1 h2+ 82. Kh1 Kh3 1/2-1/2

[Event "AUTO-ADV-1492"]
[Site "http://www.queenalice.com/game.php?id=702688"]
[Date "2009.12.24"]
[Round "2"]
[White "JAYMAC10"]
[Black "pallibrandt"]
[Result "1-0"]
[WhiteElo "1804"]
[BlackElo "1926"]

1. e4 c5 2. Nf3 d6 3. c3 Nf6 4. e5 dxe5 5. Nxe5 Qd5 6. Bb5+ Bd7 7. Nxd7 Nbxd7 8.
Bxd7+ Nxd7 9. O-O Ne5 10. d4 cxd4 11. cxd4 Nc6 12. Nc3 Qxd4 13. Qb3 Qd7 14. Rd1
Qc7 15. Nd5 Qc8 16. Qc3 e5 17. Be3 Qe6 18. Nc7+ 1-0

[Event "AUTO-ADV-1492"]
[Site "http://www.queenalice.com/game.php?id=702689"]
[Date "2009.12.24"]
[Round "2"]
[White "pallibrandt"]
[Black "chapichapo"]
[Result "0-1"]
[WhiteElo "1921"]
[BlackElo "1749"]

1. d4 Nf6 2. c4 g6 3. Nc3 Bg7 4. Bf4 d5 5. e3 Ne4 6. Nxd5 c5 7. Nc7+ Kf8 8. Nxa8
Qa5+ 9. Ke2 Be6 10. Kf3 h5 11. Kxe4 Bf5+ 12. Kf3 Bg4+ 13. Kg3 Bxd1 14. Rxd1 Bf6
15. Bxb8 cxd4 16. h4 dxe3 17. fxe3 Kg7 18. Bc7 Be5+ 19. Bxe5+ Qxe5+ 20. Kf2
Qxb2+ 21. Ne2 Rxa8 22. g3 Rc8 23. Bg2 b6 24. Rc1 Qxa2 25. Rhd1 Rxc4 26. Ra1 Qc2
27. Rac1 Qb3 28. Rxc4 Qxc4 29. Rd7 a5 30. Rxe7 a4 31. Nd4 b5 32. Bc6 Qa2+ 33.
Kf3 b4 34. Nb5 a3 35. Be8 Qd5+ 36. e4 Qb3+ 37. Kg2 a2 38. Ra7 Qb2+ 0-1

[Event "AUTO-ADV-1492"]
[Site "http://www.queenalice.com/game.php?id=702690"]
[Date "2009.12.24"]
[Round "2"]
[White "chapichapo"]
[Black "pallibrandt"]
[Result "0-1"]
[WhiteElo "1755"]
[BlackElo "1935"]

1. e4 e5 2. Nf3 Nc6 3. Bc4 Nd4 4. Nxe5 Qg5 5. Nxf7 Qxg2 6. Rf1 Qxe4+ 7. Qe2 Nxe2
8. Bxe2 Kxf7 9. d3 Qe5 10. Nc3 Bb4 11. f4 Bxc3+ 12. Bd2 Bxd2+ 13. Kxd2 Qa5+ 14.
c3 Nf6 15. a4 Re8 16. f5 d6 17. Bh5+ Nxh5 0-1

[Event "AUTO-ADV-1726"]
[Site "http://www.queenalice.com/game.php?id=760440"]
[Date "2010.4.13"]
[Round "1"]
[White "klebercas"]
[Black "pallibrandt"]
[Result "0-1"]
[WhiteElo "1543"]
[BlackElo "1971"]

1. e4 e5 2. Nf3 Nc6 3. Bc4 Nd4 4. Nxd4 exd4 5. d3 Nf6 6. Bf4 d6 7. O-O Bg4 8. f3
Bd7 9. c3 c5 10. Na3 dxc3 11. bxc3 a6 12. d4 b5 13. e5 dxe5 14. dxe5 Nh5 15. Qd5
bxc4 16. Qxc4 Be6 17. Qa4+ Qd7 18. Qe4 Qd5 19. Rab1 Qxe4 20. fxe4 Nxf4 21. Rxf4
c4 22. Rb7 Bxa3 23. Kf2 O-O 24. g4 Rad8 25. Ke2 g5 26. Rf2 Bxg4+ 27. Ke3 Bc5#
0-1

[Event "AUTO-ADV-1726"]
[Site "http://www.queenalice.com/game.php?id=760441"]
[Date "2010.4.13"]
[Round "1"]
[White "pallibrandt"]
[Black "klebercas"]
[Result "1-0"]
[WhiteElo "1973"]
[BlackElo "1566"]

1. d4 d5 2. c4 Nf6 3. Nc3 Nc6 4. Nf3 Bf5 5. Bf4 e6 6. c5 Nb4 7. Qa4+ Nc6 8. Ne5
a6 9. Nxc6 Qd7 10. Ne5 Qxa4 11. Nxa4 Nh5 12. Bd2 f6 13. Nf3 b6 14. cxb6 cxb6 15.
Nxb6 Rb8 16. Na4 Bd6 17. h3 Nf4 18. e3 Nd3+ 19. Bxd3 Bxd3 20. Rc1 O-O 21. Nc5
Rxb2 22. Nxd3 Rxa2 23. O-O a5 24. Ra1 Rc2 25. Rxa5 e5 26. dxe5 fxe5 27. Rc1
Rxc1+ 28. Nxc1 Rf5 29. Rxd5 Rf6 30. Nxe5 1-0

[Event "AUTO-ADV-1726"]
[Site "http://www.queenalice.com/game.php?id=760452"]
[Date "2010.4.13"]
[Round "1"]
[White "Thanasis"]
[Black "pallibrandt"]
[Result "0-1"]
[WhiteElo "1776"]
[BlackElo "1954"]

1. d4 d5 2. c4 e6 3. Nc3 Nf6 4. e3 Bb4 5. Qc2 O-O 6. a3 Bxc3+ 7. bxc3 dxc4 8.
Bxc4 Nc6 9. Ne2 b6 10. a4 Bb7 11. O-O Na5 12. Ba2 h6 13. Nf4 Nh7 14. Bb1 Nf6 15.
Nh5 g6 16. Ng3 Qd5 17. e4 Qc6 18. Bxh6 Rfd8 19. Bg5 Kg7 20. Bxf6+ Kxf6 21. e5+
Ke7 22. Ne4 Rh8 23. Re1 Rh6 24. Qd2 Rah8 25. h3 Nb3 26. Qa2 Nxa1 27. Qa3+ Kd8
28. Qxa1 g5 29. f3 Qc4 30. Nxg5 Ke8 31. Bc2 Rg8 32. Ne4 Bxe4 33. Bxe4 Rxh3 34.
Re3 Rhg3 35. f4 Rxe3 36. Bb7 Qxc3 37. Qf1 Re1 0-1

[Event "AUTO-ADV-1726"]
[Site "http://www.queenalice.com/game.php?id=760453"]
[Date "2010.4.13"]
[Round "1"]
[White "pallibrandt"]
[Black "Thanasis"]
[Result "1-0"]
[WhiteElo "1963"]
[BlackElo "1764"]

1. d4 Nf6 2. c4 g6 3. Nc3 d5 4. Nf3 Bg7 5. Bf4 O-O 6. e3 e6 7. cxd5 exd5 8. Bd3
Be6 9. Nb5 Na6 10. Rc1 c6 11. Nc3 Nb4 12. Bb1 b5 13. Ne5 Rc8 14. a3 Na6 15. b4
Nb8 16. Bg5 Qc7 17. Nxb5 Qb6 18. Nc3 Ne4 19. Nxe4 dxe4 20. Bf4 Nd7 21. Nxd7 Bxd7
22. Bxe4 Qb5 23. Rc5 Qa6 24. Qc1 Rfe8 25. Ra5 Qb7 26. Qc5 a6 27. Bd3 Ra8 28. O-O
Bf8 29. Qc1 Be6 30. e4 Rad8 31. Bxa6 Qb6 32. Be3 Qc7 33. d5 Bd7 34. dxc6 Bxc6
35. Bb5 Re6 36. Bf4 Qxf4 37. Qxf4 Bd6 38. Qh4 Rxe4 39. Qxd8+ Re8 40. Qxd6 1-0

[Event "AUTO-ADV-1726"]
[Site "http://www.queenalice.com/game.php?id=760460"]
[Date "2010.4.13"]
[Round "1"]
[White "pallibrandt"]
[Black "luiz_gustavo"]
[Result "1-0"]
[WhiteElo "1944"]
[BlackElo "1783"]

1. d4 d5 2. c4 c6 3. c5 b6 4. cxb6 axb6 5. Nf3 Nf6 6. Bf4 e6 7. e3 h6 8. Nc3 Bb4
9. Bd3 c5 10. O-O O-O 11. dxc5 Bxc3 12. cxb6 Ba5 13. Bc7 Qd7 14. Ne5 Qe8 15. Qb3
Bb7 16. Bb5 Qe7 17. Rac1 Nfd7 18. Bxb8 Nxb8 19. Rc7 Qd6 20. Rxb7 Qxe5 21. Ra7
Rxa7 22. bxa7 d4 23. exd4 1-0

[Event "AUTO-ADV-1726"]
[Site "http://www.queenalice.com/game.php?id=760461"]
[Date "2010.4.13"]
[Round "1"]
[White "luiz_gustavo"]
[Black "pallibrandt"]
[Result "0-1"]
[WhiteElo "1796"]
[BlackElo "1934"]

1. e4 c5 2. Nf3 d6 3. Bc4 Nf6 4. Nc3 g6 5. Ng5 e6 6. O-O Nbd7 7. a3 Bg7 8. d3 a6
9. Re1 b5 10. Ba2 Bb7 11. Bxe6 O-O 12. Ba2 Bc6 13. Bf4 Nh5 14. Bxd6 Qxg5 15.
Bxf8 Kxf8 16. Qf3 Ne5 17. Qe3 Nf4 18. Qxc5+ Kg8 19. g3 Nf3+ 20. Kf1 Qxc5 0-1